[Event "17th Izmir Open 2018"]
[Site "Izmir"]
[Date "2018.09.11"]
[Round "4.1"]
[White "Taspinar, Yanki"]
[Black "Yilmazyerli, Mert"]
[Result "0-1"]
[WhiteElo "1961"]
[BlackElo "2450"]
[Annotator "TA"]
[PlyCount "60"]
[EventDate "2018.09.09"]
[EventType "swiss"]
[EventCountry "TUR"]
[SourceTitle "playchess.com"]
[Source "ChessBase"]
[SourceQuality "1"]

{[%evp 21,60,-2,4,-1,6,7,20,2,12,0,7,-20,0,-29,-25,-43,-46,-68,-59,-58,-49,-117,-107,-196,-172,-169,-168,-526,-519,-521,-514,-584,-584,-731,-646,-941,-931,-1408,-1219,-5435,-2065]} 1. e4 g6 2. d4 Bg7 3. Nc3 d6 4. f4 a6 5. Nf3 b5 {[%cal Bb7b5,Bb5b4][%mdl 32]} 6. Bd3 Nd7 7. e5 c5 {B06: Modern Defence} 8. Be4 Rb8 9. O-O (9. Be3 b4 10. Ne2 Nh6 11. dxc5 Nxc5 12. Bxc5 dxc5 13. Bc6+ Bd7 14. Qd5 Rc8 15. Bxd7+ Qxd7 16. Qxd7+ Kxd7 {1-0 (41) Yu,Y (2760)-Adhiban,B (2655) chess.com INT 2018}) 9... b4 10. Ne2 Qc7 11. Be3 Nh6 {LiveBook: 6 Games} 12. h3 O-O 13. c3 bxc3 14. bxc3 Nb6 15. Rb1 $146 ({Predecessor:} 15. Ng3) 15... Be6 16. Nd2 Bxa2 17. Ra1 Nc4 18. Nxc4 Bxc4 19. Qc2 cxd4 20. cxd4 Rfc8 21. Qd2 ({Better is} 21. Bf2 $15) 21... Qd7 $17 22. f5 (22. Rfd1 $17 {was worth a try.}) 22... Nxf5 $19 23. Bxf5 gxf5 24. Bh6 $2 (24. exd6 {nothing else works.} Rb3 25. Rf3) 24... Bxh6 {Black is clearly winning.} 25. Qxh6 Bxe2 26. Ra3 {[#] Threatens to win with Rg3+.} Kh8 27. Re1 Bc4 28. e6 fxe6 29. Rg3 Rg8 30. Rc3 Bd5 {Precision: White = 12%, Black = 53%.} 0-1

[Event "17th Izmir Open 2018"]
[Site "Izmir"]
[Date "2018.09.11"]
[Round "4.2"]
[White "Mammadov, Ayaz"]
[Black "Guncan, Berke"]
[Result "1-0"]
[WhiteElo "2411"]
[BlackElo "1946"]
[Annotator "TA"]
[PlyCount "89"]
[EventDate "2018.09.09"]
[EventType "swiss"]
[EventCountry "TUR"]
[SourceTitle "playchess.com"]
[Source "ChessBase"]
[SourceQuality "1"]

{[%evp 17,89,13,15,0,2,2,18,16,9,14,33,20,57,57,41,48,99,105,113,111,137,118,113,120,129,122,119,107,105,102,112,114,135,117,135,114,108,103,128,127,151,118,113,120,119,119,234,111,110,0,229,220,288,266,392,380,616,611,872,856,790,757,672,596,816,796,6536,6528,5297,6116,29978,29979,29979,29980]} 1. d4 Nf6 2. Nf3 e6 3. Bg5 d5 4. e3 Be7 5. Nbd2 b6 6. Bd3 Bb7 7. O-O O-O {D03: 1 d4 d5 2 Nf3 Nf6 3 Bg5, including Torre Attack with early ...d5} 8. Ne5 (8. c3 c5 9. Qe2 Nbd7 10. Ba6 Bc6 11. Bb5 Bb7 12. Ba6 Bc6 13. Bb5 Bb7 14. Ba6 {½-½ (14) Szuhanek,R (2519)-Vaisser,A (2544) Jerusalem 2013}) 8... Ne4 9. Bxe7 Qxe7 {LiveBook: 8 Games. The position is equal.} 10. Nxe4 dxe4 11. Be2 $1 Nd7 12. Nxd7 Qxd7 13. c3 e5 $146 ({Predecessor:} 13... Rac8 14. a4 a5 15. b4 {1-0 (50) Nagy,T-Cervenka,P Slovakia 2002}) 14. dxe5 Qe7 15. Qa4 Qxe5 16. Rfd1 Rfd8 ({Better is} 16... Qf6 $14) 17. Rxd8+ $16 Rxd8 18. Qxa7 Qd5 {[#] aiming for ...Ra8.} 19. Qa4 Ra8 20. Qd1 g6 21. Qxd5 Bxd5 {[%mdl 4096] Endgame KRB-KRB} 22. a3 Bb3 23. Kf1 Rd8 {Black wants to play ...Rd2.} 24. Ke1 Kf8 25. a4 Ra8 26. Bd1 Bd5 27. Bc2 Bc6 28. b4 f5 29. c4 Ke7 30. Kd2 Bd7 31. Kc3 Kd6 (31... c5 $16) 32. Rd1+ (32. a5 $18 {is more deadly.}) 32... Ke6 33. Ra1 (33. b5 $16) 33... Kd6 $1 $18 34. a5 bxa5 {[#]} 35. c5+ $1 {[%cal Bc4c5,Bc5c6][%mdl 32]} ({Not} 35. Rxa5 Rxa5 36. bxa5 c5 $11) ({Weaker is} 35. bxa5 Kc5 $16) 35... Ke5 (35... Ke6 $142) 36. Rxa5 Rxa5 $2 (36... Bc6 37. Bb3 Rb8) 37. bxa5 {KB-KB} Bb5 38. Kb4 Ba6 39. Bb3 f4 40. c6 f3 41. g3 Kf5 42. Bc4 Bc8 43. a6 Bxa6 44. Bxa6 Kg4 45. Bc8+ {Precision: White = 75%, Black = 33%.} 1-0

[Event "17th Izmir Open 2018"]
[Site "Izmir"]
[Date "2018.09.11"]
[Round "4.3"]
[White "Degirmenci, Yagiz"]
[Black "Arat, Ufuk Sezen"]
[Result "1-0"]
[WhiteElo "1852"]
[BlackElo "2385"]
[Annotator "TA"]
[PlyCount "143"]
[EventDate "2018.09.09"]
[EventType "swiss"]
[EventCountry "TUR"]
[SourceTitle "playchess.com"]
[Source "ChessBase"]
[SourceQuality "1"]

{[%evp 15,143,-20,-10,-36,-36,-30,0,-3,-4,-20,-17,0,0,0,0,0,0,1,86,86,85,81,91,89,101,102,108,102,93,93,110,57,77,65,56,0,0,0,0,0,0,-9,-9,-12,0,0,0,0,0,0,8,8,75,19,14,14,14,19,19,19,19,19,19,8,9,11,20,0,0,0,0,0,0,0,0,0,0,0,0,0,0,0,0,0,0,0,0,0,0,0,0,0,0,0,0,0,0,0,0,0,0,0,0,0,0,0,0,0,0,0,0,0,0,0,0,0,0,0,0,0,0,0,0,0,1709,1607,29979,29980,29962,29965]} 1. d4 Nf6 2. Nf3 c5 3. e3 d5 4. c4 cxd4 5. exd4 Nc6 6. Nc3 g6 7. cxd5 Nxd5 8. Bb5 {A35: Symmetrical English: 2 Nc3 Nc6 3 Nf3} (8. Qb3 Nxc3 9. Bc4 e6 10. bxc3 Bd7 11. Bd3 Na5 12. Qb1 Bg7 13. h4 Rc8 14. h5 Bc6 15. Ng5 Bxg2 16. hxg6 Bxh1 17. gxf7+ Kd7 18. Qb4 Qb6 {0-1 (54) Grischuk,A (2766)-So,W (2780) Saint Louis 2018}) 8... Bg7 {LiveBook: 11 Games} 9. Ne5 Nxc3 10. bxc3 {Black is slightly better.} Qa5 11. Bxc6+ $146 ({Predecessor:} 11. Qf3 O-O 12. Bxc6 Bxe5 13. O-O Bxh2+ 14. Kxh2 Qc7+ 15. Bf4 Qxc6 16. Qxc6 bxc6 {0-1 (54) Kutlaev,M (2242)-Bocharov,D (2614) Kazan 2007}) 11... bxc6 12. Qf3 O-O 13. Nxc6 Qa6 14. Nxe7+ Kh8 15. Nxc8 (15. Qxa8 $2 {too greedy.} Bb7 $19) 15... Raxc8 16. Qe2 Qxe2+ (16... Qa4 $11) 17. Kxe2 $16 {Hoping for Bd2.} Rxc3 {[#]} 18. Be3 $1 f5 19. g3 g5 20. Bxg5 Rc2+ 21. Bd2 Bxd4 22. Kd3 Rb2 {[#]} 23. Kxd4 (23. Bc1 $1 $16 {[%cal Rc1b2]} Rd8 24. Bxb2 Bxb2+ 25. Ke3 Bxa1 26. Rxa1) 23... Rxd2+ {[%mdl 4096] Endgame KRR-KRR} 24. Ke3 Rfd8 25. Rhc1 (25. Kf3 $14) 25... R8d3+ $11 26. Kf4 Rxf2+ 27. Kg5 Rd8 28. Rc7 Rg8+ 29. Kf6 Rf8+ 30. Kg5 f4 31. gxf4 Rg2+ (31... R2xf4 $5 32. Rc5 $8 Ra4 $11) 32. Kh4 Rfg8 {[%cal Rg2h2]} 33. h3 a5 (33... Rf8 $11) 34. a4 ({White should play} 34. Rf7 $16) 34... Rf8 35. Rf1 Rf6 $1 {[%cal Rf6h6]} 36. Rc5 Rh6+ 37. Rh5 Rxh5+ 38. Kxh5 {KR-KR} Ra2 39. Rc1 {next Kh6 is good for White.} Rxa4 40. Kg5 Rb4 41. f5 Rb8 42. Ra1 Ra8 43. Ra4 Kg7 44. f6+ Kf7 45. h4 Ra7 46. Kf5 Ra6 47. Kg5 Ra7 48. Kf5 Ra8 49. Kg5 Ra6 50. h5 Ra7 51. h6 Ra6 52. Rc4 Ra7 {And now ...a4 would win.} 53. Ra4 Ke8 54. Kg4 Kf8 55. Kf4 Ra8 56. Kg4 Kf7 57. Kg5 Ra6 58. Rc4 Ra7 {White must now prevent ...a4.} 59. Ra4 Ra8 60. Re4 {Strongly threatening Re7+.} Ra7 61. Ra4 Kg8 62. Kg4 Ra8 63. Kg5 Kf7 64. Re4 {Re7+ is the strong threat.} Ra7 65. Ra4 Ke6 66. Re4+ Kf7 67. Ra4 Ke8 68. Kg4 Ra6 69. Kg5 {aiming for Re4+.} Kd7 $2 {[%mdl 8192]} (69... Kf7 $11) 70. Re4 $18 a4 71. f7 Ra8 {[#]} 72. Rxa4 $1 {[%mdl 512] Precision: White = 76%, Black = 69%.} 1-0

[Event "17th Izmir Open 2018"]
[Site "Izmir"]
[Date "2018.09.11"]
[Round "4.4"]
[White "Darban, Morteza"]
[Black "Dere, Abdullah Dogukan"]
[Result "1/2-1/2"]
[WhiteElo "2333"]
[BlackElo "1938"]
[Annotator "TA"]
[PlyCount "30"]
[EventDate "2018.09.09"]
[EventType "swiss"]
[EventCountry "TUR"]
[SourceTitle "playchess.com"]
[Source "ChessBase"]
[SourceQuality "1"]

{[%evp 11,30,49,46,52,65,34,88,53,77,79,83,78,79,72,93,88,106,89,98,-3,0]} 1. d4 g6 2. e4 c5 3. d5 Bg7 4. Nc3 d6 5. Be2 (5. Bb5+ Nd7 6. a4 Ngf6 7. Nf3 O-O 8. O-O Ne8 9. Re1 Nc7 10. Bf1 a6 11. Bf4 Rb8 12. e5 dxe5 13. Nxe5 Nxe5 14. Bxe5 Bxe5 15. Rxe5 b5 16. axb5 axb5 17. Qe1 b4 18. Na4 {0-1 (40) Alonso Rosell,A (2540)-Bachmann,A (2610) Barcelona 2016}) 5... Na6 6. Nf3 {[%cal Bg1f3,Bf3d2,Bd2c4][%mdl 32] A43: Schmid Benoni} Nc7 {LiveBook: 4 Games} 7. a4 Nf6 8. Nd2 {White is slightly better.} h5 $146 (8... b6 $14) ({Predecessor:} 8... O-O 9. O-O b6 10. Nc4 Rb8 11. Bf4 Nd7 12. Qd2 a6 13. Bh6 Ne5 14. Bxg7 Kxg7 15. Ne3 f6 16. f4 Nf7 17. Bf3 b5 18. a5 Re8 19. b4 e5 20. f5 Qe7 {½-½ (20) Van Mil,J (2351)-Burkart,P (2339) Germany 2007}) 9. h3 Bd7 10. Nc4 Rb8 11. Bf4 b5 12. axb5 Nxb5 13. e5 Nxc3 14. bxc3 Ne4 15. Ra3 ({Stronger than} 15. exd6 Nxc3 16. Qd3 Nxe2 $11) (15. Qd3 $16 Bf5 16. O-O) 15... Bb5 {Precision: White = 39%, Black = 75%.} 1/2-1/2

[Event "17th Izmir Open 2018"]
[Site "Izmir"]
[Date "2018.09.11"]
[Round "4.5"]
[White "Tutuncu, Ali"]
[Black "Guseynov, Alihan"]
[Result "0-1"]
[WhiteElo "1644"]
[BlackElo "2297"]
[Annotator "TA"]
[PlyCount "101"]
[EventDate "2018.09.09"]
[EventType "swiss"]
[EventCountry "TUR"]
[SourceTitle "playchess.com"]
[Source "ChessBase"]
[SourceQuality "1"]

{[%evp 16,101,46,42,39,39,43,22,29,30,29,14,29,0,23,-45,-35,-46,-41,-58,-66,-83,-62,-86,-87,-137,-15,-11,-4,-24,-1,0,0,0,-22,-99,-97,-122,-13,-29,-31,-30,0,-201,-191,-277,-289,-392,-393,-377,-366,-428,-424,-383,-368,-470,-454,-620,-620,-634,-634,-589,-557,-2607,-3122,-1372,-1787,-29989,-29990,-29990,-29991,-29992,-29993,-29993,-29987,-29991,-29992,-29992,-29991,-29991,-29992,-29992,-29993,-29993,-29994,-29997,-29998,-29998]} 1. e4 c6 2. d4 g6 3. Nc3 d5 4. h3 Bg7 5. Nf3 Nh6 6. Bd3 O-O 7. O-O f6 8. Ne2 Na6 {B15: Caro-Kann: 3 Nc3: 3...g6 and 3...dxe4 4 Nxe4 Nf6 5 Nxf6+ exf6} 9. a3 {LiveBook: 6 Games} e6 $146 ({Predecessor:} 9... Nc7 10. c4 Nf7 11. Nc3 e6 12. Re1 b6 13. exd5 exd5 14. Bf4 Bb7 15. Rc1 Rc8 16. cxd5 cxd5 {½-½ (47) Kritz,L (2610)-Gareyev,T (2570) Pawtucket 2008}) 10. Re1 Nc7 {White is slightly better.} 11. c4 dxe4 12. Bxe4 Nf7 13. Bd2 c5 14. Bc3 f5 15. Bb1 (15. Bc2 $11) 15... cxd4 $15 16. Nexd4 e5 17. Nb3 e4 18. Nfd4 Ne5 19. Nb5 {[#] Threatens to win with Qxd8.} Ne6 $1 {[%cal Bc7e6,Be6f4,Bf4d3][%mdl 32]} 20. Qd5 {[#]} Qxd5 (20... Nf3+ $1 $17 21. gxf3 Qg5+ 22. Kh1 Qh4) 21. cxd5 $11 Nf4 22. d6 Ned3 23. Bxd3 Nxd3 24. Bxg7 Kxg7 25. Re2 (25. Re3 $1 $11 {remains equal.}) 25... Bd7 $36 {[%mdl 2048] Black is in control.} 26. Nc7 Rad8 (26... Rac8 $17 {...Rf6 is the strong threat.} 27. Na5 b6) 27. Na5 Rf6 {aiming for ...b6.} 28. Nd5 Re6 {White must now prevent ...Re5.} 29. Rd1 $2 (29. Nc7 $1 $11) 29... Rxd6 $19 30. Nxb7 (30. Nc3 $142 Bc6 31. Nxc6 bxc6 32. Rc2) 30... Ba4 31. b3 Bxb3 ({Inferior is} 31... Rxd5 32. Nxd8 Bxb3 33. Rb1 $11) 32. Rb1 Bxd5 33. Nxd6 Rxd6 34. Rc2 Ra6 35. Rc7+ Kf6 36. Rd7 Be6 37. Rxh7 Rxa3 38. Rh8 Ra2 39. f3 e3 {[%cal Be4e3,Be3e2][%mdl 32]} 40. Rd8 Nf4 41. Rb7 Rxg2+ {Black mates.} 42. Kh1 e2 {[%cal Re2e1]} 43. Rf8+ Kg5 {[%cal Re2e1]} 44. Rb1 Rg3 45. Re1 Bd5 46. h4+ Kxh4 47. Rh8+ Kg5 48. Kh2 Rg2+ 49. Kh1 Bxf3 50. Ra1 Nd3 {[%cal Rd3f2]} 51. Rh5+ {Precision: White = 23%, Black = 62%.} 0-1

[Event "17th Izmir Open 2018"]
[Site "Izmir"]
[Date "2018.09.11"]
[Round "4.6"]
[White "Isik, Alparslan"]
[Black "Bicer, Atakan Mert"]
[Result "1-0"]
[WhiteElo "2210"]
[BlackElo "1843"]
[Annotator "TA"]
[PlyCount "45"]
[EventDate "2018.09.09"]
[EventType "swiss"]
[EventCountry "TUR"]
[SourceTitle "playchess.com"]
[Source "ChessBase"]
[SourceQuality "1"]

{[%evp 12,45,38,0,16,10,10,-8,26,15,10,14,73,79,71,77,89,39,94,84,106,110,150,133,147,157,181,181,185,179,187,203,199,201,218,179]} 1. d4 Nf6 2. Bf4 g6 3. Nc3 d5 4. e3 Bg7 5. h4 c5 (5... h5 6. Nf3 O-O 7. Qd2 c5 8. Ne5 Nc6 9. f3 Nd7 10. Nxd5 cxd4 11. exd4 {½-½ (20) Kravtsiv,M (2654)-Salem,A (2636) Abu Dhabi 2018}) 6. Nb5 {A45: Trompowsky Attack} Na6 7. Nf3 {LiveBook: 3 Games} Bg4 8. c3 {The position is equal.} O-O 9. Be2 Ne4 $146 ({Predecessor:} 9... Qb6 10. a4 c4 11. b3 cxb3 12. Qxb3 {1-0 (28) Kozionov,K (2423)-Bykov,O (2327) Moscow 2018}) 10. Ng5 Bxe2 11. Qxe2 h6 (11... Nf6 $11) 12. Nxe4 $16 dxe4 13. O-O Qc8 14. d5 {[%cal Bd4d5,Bd5d6][%mdl 32]} Rd8 (14... c4 $14) 15. Qc4 $36 {[%mdl 2048] White has strong initiative.} Qf5 16. d6 e5 17. Bg3 {White is clearly better.} Rd7 18. Rad1 Rad8 19. Rd5 Kh7 20. Rfd1 b6 21. Qa4 Nb8 22. Nxa7 f6 23. Nc6 {Precision: White = 65%, Black = 40%.} 1-0

[Event "17th Izmir Open 2018"]
[Site "Izmir"]
[Date "2018.09.11"]
[Round "4.7"]
[White "Mohannad, Farhan"]
[Black "Akbas, Umut Ata"]
[Result "1-0"]
[WhiteElo "2201"]
[BlackElo "1617"]
[Annotator "TA"]
[PlyCount "79"]
[EventDate "2018.09.09"]
[EventType "swiss"]
[EventCountry "TUR"]
[SourceTitle "playchess.com"]
[Source "ChessBase"]
[SourceQuality "1"]

{[%evp 15,79,-16,-17,-17,0,0,8,8,49,45,33,45,32,27,30,29,34,16,16,0,41,34,29,29,103,86,68,18,8,0,0,-21,0,0,7,0,0,-6,16,21,30,0,110,102,136,137,142,142,153,132,277,268,392,279,254,160,143,140,29978,29979,29979,29980,29980,29981,29983,29984]} 1. d4 d5 2. c4 e6 3. Nc3 c5 4. cxd5 cxd4 5. Qxd4 Nc6 6. Qd1 exd5 7. e3 Nf6 8. Nf3 Bb4 9. Be2 {D32: Tarrasch Defence: Sidelines and lines without g3} (9. Bb5 O-O 10. O-O Bg4 11. Ne2 Bxf3 12. gxf3 Qb6 13. Bxc6 bxc6 14. b3 Be7 15. Bb2 c5 16. Ng3 Rfd8 {½-½ (32) Ratkovic,M (2359)-Kostic,V (2396) Banja Vrucica 2014}) 9... Ne4 10. Bd2 Qa5 (10... O-O {feels hotter.} 11. O-O Be6 12. a3 Be7 13. Bd3 Nxd2 14. Qxd2 Rc8) 11. O-O {The position is equal.} Nxd2 12. Qxd2 Bxc3 13. bxc3 O-O 14. Rfd1 $146 ({Predecessor:} 14. Rab1 a6 15. Rfd1 Rd8 16. h3 b5 {½-½ (62) Magalashvili,D (2178)-Bayram,Y (2281) Ankara 2002}) 14... Rd8 15. Rab1 Qc7 16. Rb5 Be6 17. Ng5 b6 18. Qc2 g6 19. Qa4 Qe5 (19... Kg7 $11) 20. Qh4 Qg7 21. Nxe6 fxe6 22. Bg4 Re8 23. Qh3 Nd8 24. e4 dxe4 25. Rb4 $36 {[%mdl 2048] White has the initiative.} Rc8 26. Rbd4 {Threatens to win with Rd7.} h5 27. Be2 {[%cal Bg4e2,Be2c4,Bc4b5][%mdl 32]} Qf6 28. Qe3 Rf8 (28... Nf7 $11 {remains equal.}) 29. Bc4 $16 Rc6 30. Rxe4 b5 31. Bxb5 Rxc3 32. Qe2 Qg5 {[#]} (32... Kg7 $16 33. Ba4 Rc7) 33. h4 $1 $18 {[%cal Rh4g5]} Qh6 (33... Qf6 $142 34. Bc4 a5) 34. Bc4 Rc1 35. Bxe6+ Nxe6 36. Rxe6 Rxf2 $2 {[%mdl 8192] [#]} (36... Rxd1+ $16 37. Qxd1 Qg7) 37. Re8+ {White mates.} ({Not} 37. Kxf2 Qf4+ 38. Qf3 Qxf3+ 39. gxf3 (39. Kxf3 Rxd1 40. Rxg6+ Kh7 $16) 39... Rxd1 $18) 37... Rf8 38. Rxf8+ Kxf8 39. Qf1+ $1 Kg8 40. Rxc1 {Precision: White = 62%, Black = 28%.} 1-0

[Event "17th Izmir Open 2018"]
[Site "Izmir"]
[Date "2018.09.11"]
[Round "4.8"]
[White "Grigoriev, Armen"]
[Black "Ozkurt, Deniz"]
[Result "1-0"]
[WhiteElo "2067"]
[BlackElo "1649"]
[Annotator "NA RC"]
[PlyCount "81"]
[EventDate "2018.09.09"]
[EventType "swiss"]
[EventCountry "TUR"]
[SourceTitle "playchess.com"]
[Source "ChessBase"]
[SourceQuality "1"]
[TimeControl "5400+30"]

{[%evp 8,81,-16,-44,-1,-25,-11,-28,-4,-9,3,0,-16,-16,0,-4,6,0,-14,-28,-13,-25,0,0,0,-12,19,-29,-20,-33,0,0,0,0,32767,32767,41,0,32767,32767,32767,32767,32767,32767,32767,-41,0,-154,-216,-193,-218,-202,-40,-370,0,-8,7,9,12,0,209,203,236,165,166,204,235,252,267,262,335,333,668,612,593,662]} 1. e4 {[%emt 0:00:30]} d5 {[%emt 0:05:30]} 2. Nc3 {[%emt 0:00:30]} d4 {[%emt 0:00:30]} 3. Nce2 {[%emt 0:00:00]} e5 {[%emt 0:00:30]} 4. Ng3 {[%emt 0:00:00]} Be6 {[%emt 0:00:00]} 5. Nf3 {[%emt 0:00:30]} Nd7 {[%emt 0:04:00] LiveBook: 15 Games} 6. Be2 {[%emt 0:01:30] A00: Irregular Openings} (6. c3 c5 7. Bb5 f6 8. Qe2 Ne7 9. Nh4 g6 10. O-O Bg7 11. Bc4 Qb6 12. Bxe6 Qxe6 13. f4 exf4 14. Rxf4 dxc3 15. dxc3 {1-0 (95) Dgebuadze,A (2529)-Skripchenko,A (2441) Le Port Marly 2013}) 6... f6 {[%emt 0:00:30]} 7. d3 {[%emt 0:00:30]} Bb4+ $146 {[%emt 0:00:00]} ({Predecessor:} 7... Bc5 8. O-O Ne7 9. h3 O-O 10. Nh2 b5 11. f4 exf4 12. Bxf4 Ng6 13. Bd2 Bb6 {½-½ (60) Kaulfuss,H (2046)-Rudolph,L (1899) Frankfurt 2015}) 8. Nd2 {[%emt 0:00:30]} Ne7 {[%emt 0:02:00]} 9. Bg4 {[%emt 0:00:30]} Nc5 {[%emt 0:05:30]} 10. O-O {[%emt 0:02:30]} Bxd2 {[%emt 0:00:30]} 11. Bxd2 {[%emt 0:00:30]} Qd7 {[%emt 0:00:00]} 12. h3 {[%emt 0:00:00]} Bxg4 {[%emt 0:02:00]} 13. hxg4 {[%emt 0:00:00]} Ne6 {[%emt 0:00:30]} 14. Nf5 {[%emt 0:04:30]} Ng6 {[%emt 0:01:30]} 15. g3 {[%emt 0:00:30]} O-O-O {[%emt 0:00:30]} 16. a4 {[%emt 0:00:30]} Kb8 {[%emt 0:00:30]} 17. a5 {[%emt 0:00:30]} Ne7 {[%emt 0:07:30]} 18. Kg2 {[%emt 0:01:30]} g6 {[%emt 0:07:30]} 19. Nxe7 {[%emt 0:01:30]} Qxe7 {[%emt 0:00:30]} 20. Rh1 {[%emt 0:00:30]} Qf7 {[%emt 0:02:30]} 21. Qf3 {[%emt 0:04:30]} Rdf8 {[%emt 0:07:30]} 22. Rh6 {[%emt 0:02:30]} Qd7 {[%emt 0:09:30]} 23. Rah1 {[%emt 0:00:30]} f5 {[%emt 0:01:30]} 24. gxf5 {[%emt 0:00:30]} gxf5 {[%emt 0:00:30]} 25. exf5 {[%emt 0:00:30]} Rxf5 {[%emt 0:00:30]} 26. Qe2 {[%emt 0:06:30]} ({White has to play} 26. Qxf5 $16 Nf4+ 27. Bxf4 Qxf5 28. R1h5) 26... Rhf8 {[%emt 0:06:30]} 27. Rf1 {[%emt 0:01:30] [#]} (27. Be1 $11 {remains equal.}) 27... Nf4+ $1 {[%emt 0:08:30]} 28. Bxf4 {[%emt 0:01:30]} exf4 {[%emt 0:01:30]} 29. Qe6 {[%emt 0:00:30]} Qd8 $2 {[%emt 0:01:30]} (29... Qg7 $19 30. Rh3 a6) 30. g4 $2 {[%emt 0:13:30] [#]} (30. Rxh7 $15 fxg3 31. f4) 30... f3+ $2 {[%emt 0:00:30]} ({Black should try} 30... Qg5 $1 $19 {[%cal Rg5g4]} 31. Re1 Qxg4+ 32. Kf1 a6) 31. Kh3 {[%emt 0:08:30]} R5f6 {[%emt 0:05:32]} 32. Rxf6 {[%emt 0:00:30]} Rxf6 {[%emt 0:00:28]} 33. Qe5 {[%emt 0:04:30]} Rf8 $2 {[%emt 0:02:05] [#]} (33... Rh6+ $11 {and Black has nothing to worry.} 34. Kg3 Qh4+ 35. Kxf3 Rf6+ 36. Ke2 Qxg4+ 37. f3 Qe6 38. Qxe6 Rxe6+ 39. Kf2 Kc8) 34. Re1 $1 {[%emt 0:02:30]} Rg8 {[%emt 0:01:48]} 35. Qe7 {[%emt 0:01:30]} Qc8 {[%emt 0:00:18]} 36. Qe6 {[%emt 0:00:30]} Qd8 {[%emt 0:00:07]} 37. Re5 {[%emt 0:03:30]} Qf8 {[%emt 0:03:20]} 38. a6 {[%emt 0:09:30]} b6 {[%emt 0:03:56]} 39. Rf5 {[%emt 0:02:30]} Qg7 {[%emt 0:00:29]} (39... Qc8 $142 40. Qxc8+ Kxc8) 40. Qe4 {[%emt 0:00:30]} c6 {[%emt 0:01:00]} 41. Qf4+ $18 {[%emt 0:01:30]} 1-0

[Event "17th Izmir Open 2018"]
[Site "Izmir"]
[Date "2018.09.11"]
[Round "4.9"]
[White "Demir, Utku Deniz"]
[Black "Kirilmaz, Emre"]
[Result "0-1"]
[WhiteElo "1678"]
[BlackElo "2017"]
[Annotator "NA RC"]
[PlyCount "84"]
[EventDate "2018.09.09"]
[EventType "swiss"]
[EventCountry "TUR"]
[SourceTitle "playchess.com"]
[Source "ChessBase"]
[SourceQuality "1"]
[TimeControl "5400+30"]

{[%evp 8,84,58,39,50,12,35,20,37,20,19,18,8,29,22,14,64,28,44,-10,32767,-2,18,-46,-49,-61,-40,-39,-44,-109,-89,-383,-472,-415,-434,-423,-313,-300,-325,-321,-335,-363,-356,-377,-352,-360,-355,-363,-493,-580,-554,-501,-495,-467,-504,-564,-592,-642,-481,-594,-661,-557,-779,-1079,-589,-1094,-690,-1367,-5022,-29989,-598,-662,-368,-695,-623,-1066,-1274,-29984,-29988]} 1. e4 {[%emt 0:14:30]} Nf6 {[%emt 0:00:30]} 2. e5 {[%emt 0:00:30]} Nd5 {[%emt 0:00:30]} 3. d4 {[%emt 0:00:30]} d6 {[%emt 0:00:00]} 4. c4 {[%emt 0:00:30]} Nb6 {[%emt 0:00:00]} 5. exd6 {[%emt 0:00:30]} cxd6 {[%emt 0:00:00]} 6. h3 {[%emt 0:00:00]} g6 {[%emt 0:00:00]} 7. Nf3 {[%emt 0:01:00]} Bg7 {[%emt 0:00:30]} 8. Be2 {[%emt 0:01:30]} O-O {[%emt 0:00:00]} 9. O-O {[%emt 0:00:30]} e5 {[%emt 0:01:00]} 10. Nc3 {[%emt 0:01:30]} Nc6 {[%emt 0:00:30]} 11. Be3 {[%emt 0:02:30] LiveBook: 3 Games} Nd7 {[%emt 0:16:30] B04: Alekhine's Defence: 4 Nf3} (11... f5 12. c5 f4 13. cxb6 fxe3 14. dxe5 exf2+ 15. Rxf2 Nxe5 16. bxa7 Qb6 17. Qd5+ Kh8 18. Rd1 Qxa7 19. Nb5 Nxf3+ 20. Bxf3 Qxa2 {½-½ (40) Nielsen,R (2262)-Poulsen,M (2259) Faroe Islands 2014}) 12. d5 $146 {[%emt 0:04:30]} ({Predecessor:} 12. Nb5 Nb6 13. dxe5 dxe5 14. Qb3 Qe7 15. Nxa7 Nd7 16. Nxc8 Rfxc8 {0-1 (58) Zaidman,G (1958)-Onocko,G (1987) La Banda 2017}) 12... Ne7 {[%emt 0:00:30]} 13. Nb5 {[%emt 0:05:30]} Nb6 {[%emt 0:04:30]} 14. c5 {[%emt 0:08:30]} dxc5 {[%emt 0:01:30]} 15. d6 {[%emt 0:01:30]} ({Better is} 15. Bxc5 $11 e4 16. Nd2) 15... Ned5 {[%emt 0:04:30]} 16. Bxc5 {[%emt 0:01:30]} e4 {[%emt 0:09:30]} 17. Nd2 {[%emt 0:07:30]} Re8 {[%emt 0:02:30]} 18. Nc4 {[%emt 0:03:30]} (18. Bxb6 $11 axb6 19. Bc4) 18... Qg5 {[%emt 0:10:30]} 19. f4 $2 {[%emt 0:11:30]} (19. h4 $17 {was worth a try.} Qxh4 20. Bxb6 Nxb6 21. Nc7 Nxc4 22. Bxc4 (22. Nxe8 $2 {perishes.} Be5 $19)) 19... Nxf4 {[%emt 0:01:30]} 20. Rxf4 {[%emt 0:00:30]} Qxc5+ {[%emt 0:01:30]} ({Less strong is} 20... Qxf4 21. Bxb6 axb6 22. d7 $15) 21. Kh1 {[%emt 0:00:30]} Qxb5 {[%emt 0:02:30]} 22. Nxb6 {[%emt 0:00:30]} Qxb6 {[%emt 0:00:30]} 23. d7 {[%emt 0:00:00]} Rd8 {[%emt 0:00:30]} 24. dxc8=Q {[%emt 0:00:00]} Raxc8 {[%emt 0:00:30]} 25. Qf1 {[%emt 0:02:30]} f5 {[%emt 0:00:30]} ({Don't play} 25... Bxb2 26. Rb1 $19) 26. Rf2 {[%emt 0:01:30]} Qe3 {[%emt 0:00:30]} ({Much less strong is} 26... Bxb2 27. Bc4+ Kh8 28. Rb1 $19) 27. g4 {[%emt 0:00:30]} Bd4 {[%emt 0:01:30]} 28. Rf4 {[%emt 0:02:30]} Be5 {[%emt 0:01:30]} 29. Rf2 {[%emt 0:01:30]} Bg3 {[%emt 0:05:30]} 30. Rg2 {[%emt 0:00:30]} f4 {[%emt 0:00:30]} 31. Bc4+ {[%emt 0:02:30]} Kh8 {[%emt 0:00:00]} 32. b3 {[%emt 0:01:30]} Rd2 {[%emt 0:04:00]} 33. Rxd2 {[%emt 0:00:00]} Qxd2 {[%emt 0:00:30]} 34. Qg1 {[%emt 0:01:00]} Rd8 {[%emt 0:00:30]} 35. a4 {[%emt 0:03:30]} b6 {[%emt 0:03:30]} 36. Rc1 {[%emt 0:02:13]} Qb2 {[%emt 0:00:30]} 37. Rb1 {[%emt 0:00:31]} Qc3 {[%emt 0:00:30]} 38. Qg2 {[%emt 0:01:42]} Bh4 {[%emt 0:04:30]} (38... Rd2 $142 39. Rg1 Rxg2 40. Rxg2 Kg7 41. h4 Bxh4 42. Bd3 Qxd3 43. Kh2 Bg3+ 44. Kh3 Qf1 45. g5 Qh1+ 46. Rh2 Qxh2+ 47. Kg4 Qh5#) 39. Qxe4 {[%emt 0:05:50]} Qxh3+ {[%emt 0:00:30]} 40. Kg1 {[%emt 0:00:02]} Qxg4+ {[%emt 0:00:30]} 41. Kh1 {[%emt 0:00:04]} Bf6 {[%emt 0:01:30]} 42. Bd5 {[%emt 0:02:44]} Qh5+ {[%emt 0:00:30]} 0-1